000 00329pab a2200121 454500
008 180718b xxu||||| |||| 00| 0 eng d
100 _aHowell Robert
245 _aMeasuring and setting priorities for health
362 _a17(2), Jun 1994, p.12-17
650 _aHealth Care -- New Zealand
773 _aPublic Sector
909 _a27340
999 _c27340
_d27340